ՀՀ Գիտությունների ազգային ակադեմիայի հիմնարար գիտական գրադարան  =   Fundamental Scientific Library of NAS RA

Black dog of fate : (Record no. 525697)

MARC details
000 -LEADER
fixed length control field 01310nam a2200277 a 4500
005 - DATE AND TIME OF LATEST TRANSACTION
control field 20260218133512.0
008 - FIXED-LENGTH DATA ELEMENTS--GENERAL INFORMATION
fixed length control field 030313s1998 nyuab|||||||||001|0|eng|d
020 ## - INTERNATIONAL STANDARD BOOK NUMBER
International Standard Book Number 0-7679-0254-8
020 ## - INTERNATIONAL STANDARD BOOK NUMBER
International Standard Book Number 9780767902540
040 ## - CATALOGING SOURCE
Original cataloging agency AM-YeHGA
Transcribing agency AM-YeHGA
041 0# - LANGUAGE CODE
Language code of text/sound track or separate title eng
100 1# - MAIN ENTRY--PERSONAL NAME
Personal name Բալաքյան, Փիթեր Ջերարդի,
Dates associated with a name 1951-
9 (RLIN) 3168
245 10 - TITLE STATEMENT
Title Black dog of fate :
Remainder of title a memoir /
Statement of responsibility, etc. by Peter Balakian.
260 ## - PUBLICATION, DISTRIBUTION, ETC.
Place of publication, distribution, etc. New York, N.Y. :
Name of publisher, distributor, etc. Broadway Books,
Date of publication, distribution, etc. 1998.
300 ## - PHYSICAL DESCRIPTION
Extent 289, [3] p. :
Other physical details ill., map ;
Dimensions 21 cm.
500 ## - GENERAL NOTE
General note To my children Sophia Ann and James Gerard
504 ## - BIBLIOGRAPHY, ETC. NOTE
Bibliography, etc. note Includes bibliographical references (p. [291]).
505 0# - FORMATTED CONTENTS NOTE
Formatted contents note Cont.: Grandmother--Mother--Father--Chain of words--Bloody news--Commemoration.
520 ## - SUMMARY, ETC.
Summary, etc. The author describes his life as the child of Armenian immigrants in America and discusses his family's struggles, and the struggles of other Armenians, during 1915 when the Ottoman Turkish government put over one million Armenians to death
600 10 - SUBJECT ADDED ENTRY--PERSONAL NAME
Personal name Balakian, Peter,
Dates associated with a name 1951-
650 14 - SUBJECT ADDED ENTRY--TOPICAL TERM
Topical term or geographic name entry element Armenian massacres survivors
Geographic subdivision United States
Form subdivision Biography
650 14 - SUBJECT ADDED ENTRY--TOPICAL TERM
Topical term or geographic name entry element Poets, American
Chronological subdivision 20th century
General subdivision Family relationships
650 14 - SUBJECT ADDED ENTRY--TOPICAL TERM
Topical term or geographic name entry element Armenian Americans
Geographic subdivision New Jersey
Form subdivision Biography
650 14 - SUBJECT ADDED ENTRY--TOPICAL TERM
Topical term or geographic name entry element Հայոց ցեղասպանություն, 1915-1923
942 ## - ADDED ENTRY ELEMENTS (KOHA)
Source of classification or shelving scheme Universal Decimal Classification
Koha item type Գրքեր / Books
Holdings
Withdrawn status Lost status Source of classification or shelving scheme Damaged status Not for loan Collection Home library Current library Date acquired Total checkouts Full call number Barcode Date last seen Price effective from Koha item type Public note
    Universal Decimal Classification     Avo Hovhanissian Individual Collection Fundamental Scientific Library Fundamental Scientific Library 18/07/2022   ԱՍՀ/39 FL0676820 18/07/2022 18/07/2022 Գրքեր / Books ILL Non-Circ.


ՀՀ ԳԱԱ հիմնարար գիտական գրադարան
ՀՀ,Երևան 0019
Մարշալ Բաղրամյան 24/6
հեռախոս:(374-10) 52-47-50
Հետադարձ կապ

All site content, except where otherwise noted, is licensed under a
Creative Commons License